| 000 | 00799nam a22002777a 4500 | ||
|---|---|---|---|
| 001 | 9341 | ||
| 003 | FISKH | ||
| 005 | 20251211114852.0 | ||
| 008 | 251211b cb ||||| |||| 00| 0 eng d | ||
| 020 | _a9780516250663 | ||
| 040 |
_aFISKH _beng _cFISKH _dFISKH |
||
| 050 | _aLC2669 .A53 | ||
| 082 | _a371.829 | ||
| 100 |
_aAncona, George _eAuthor |
||
| 245 |
_aMi Escuela/my school / _cWritten by George Ancona |
||
| 260 |
_aNew York : _bChildren's Press , _c2004 |
||
| 300 |
_a32 pages : _bphotographs ; _c21 x 26 cm |
||
| 505 | _aL | ||
| 520 | _aChristopher tells us about his school day. | ||
| 521 | 8 |
_a550
_bLexile estimate |
|
| 521 | 8 |
_aL
_bRaz-Plus |
|
| 650 |
_aSpanish _vPicture book |
||
| 650 |
_aChildren's literature _vElementary school |
||
| 942 |
_2ddc _cBK _n0 |
||
| 999 |
_c9341 _d9341 |
||